Технические методы диагностических исследований и лечебных воздействий: электронный курс

Detalhes bibliográficos
Autor principal: Аристов А. А. Александр Александрович
Autor Corporativo: Национальный исследовательский Томский политехнический университет Институт неразрушающего контроля Кафедра промышленной и медицинской электроники
Resumo:Заглавие с экрана
Дисциплина «Технические методы диагностических исследований и лечебных воздействий» направлена на получение знаний об особенностях биосистем как объектов исследования, особенностях организации и проведения медицинских и биологических экспериментов. В курсе рассматриваются основные методы исследования, ориентированные на изучение различных проявлений жизнедеятельности организма; методы, основанные на внешних воздействиях на организм; методы исследования биопроб, взятых из организма; методические приемы выполнения исследований, построения схем экспериментов, нахождения расчетных соотношений для вычисления медико-биологических показателей. На основе приобретенных знаний формируются умения выбора метода исследования в зависимости от медицинской задачи, внешних условий, технических средств, уровня подготовки персонала. Приобретаются навыки выбора методов при необходимости проведения комплексных исследований; расчета медико-биологические показателей и решения вопросов по представлению исследовательской информации пользователю (врачу).
Доступ по логину и паролю
Idioma:russo
Publicado em: Томск, TPU Moodle, 2016
Assuntos:
Acesso em linha:https://design.lms.tpu.ru/course/view.php?id=1171
Formato: MixedMaterials Recurso Electrónico Livro
KOHA link:https://koha.lib.tpu.ru/cgi-bin/koha/opac-detail.pl?biblionumber=667073

MARC

LEADER 00000nlm0a2200000 4500
001 667073
005 20231226141751.0
035 |a (RuTPU)RU\TPU\network\38277 
035 |a RU\TPU\network\38275 
090 |a 667073 
100 |a 20220221d2016 m y0rusy50 ca 
101 0 |a rus 
102 |a RU 
105 |a a j 000zy 
135 |a jrcn ---uucaa 
181 0 |a i  
182 0 |a b 
200 1 |a Технические методы диагностических исследований и лечебных воздействий  |e электронный курс  |f А. А. Аристов  |g Национальный исследовательский Томский политехнический университет, Институт неразрушающего контроля, Кафедра промышленной и медицинской электроники 
203 |a Текст  |c электронный 
210 |a Томск  |c TPU Moodle  |d 2016 
300 |a Заглавие с экрана 
330 |a Дисциплина «Технические методы диагностических исследований и лечебных воздействий» направлена на получение знаний об особенностях биосистем как объектов исследования, особенностях организации и проведения медицинских и биологических экспериментов. В курсе рассматриваются основные методы исследования, ориентированные на изучение различных проявлений жизнедеятельности организма; методы, основанные на внешних воздействиях на организм; методы исследования биопроб, взятых из организма; методические приемы выполнения исследований, построения схем экспериментов, нахождения расчетных соотношений для вычисления медико-биологических показателей. На основе приобретенных знаний формируются умения выбора метода исследования в зависимости от медицинской задачи, внешних условий, технических средств, уровня подготовки персонала. Приобретаются навыки выбора методов при необходимости проведения комплексных исследований; расчета медико-биологические показателей и решения вопросов по представлению исследовательской информации пользователю (врачу). 
333 |a Доступ по логину и паролю 
606 1 |a Диагностика медицинская  |2 stltpush  |3 (RuTPU)RU\TPU\subj\9421  |9 36675 
610 1 |a электронный ресурс 
610 1 |a труды учёных ТПУ 
610 1 |a электронное обучение 
610 1 |a электронные курсы ТПУ 
610 1 |a электронные учебные пособия 
610 1 |a биотехнические системы 
610 1 |a технические методы 
610 1 |a диагностика 
610 1 |a диагностические приборы 
610 1 |a биологические сигналы 
610 1 |a функциональная диагностика 
610 1 |a лабораторная диагностика 
675 |a 616-07(075.8)  |v 3 
700 1 |a Аристов  |b А. А.  |c специалист в области электроники  |c доцент Томского политехнического университета, кандидат технических наук  |f 1972-  |g Александр Александрович  |3 (RuTPU)RU\TPU\pers\29233  |9 13835 
712 0 2 |a Национальный исследовательский Томский политехнический университет  |b Институт неразрушающего контроля  |b Кафедра промышленной и медицинской электроники  |3 (RuTPU)RU\TPU\col\18719 
801 2 |a RU  |b 63413507  |c 20220808  |g RCR 
856 4 |u https://design.lms.tpu.ru/course/view.php?id=1171 
942 |c CF